| 000 | 00553nam a2200217Ia 4500 | ||
|---|---|---|---|
| 003 | BUBTL | ||
| 008 | 151213s9999 xx 000 0 und d | ||
| 020 | _a984-8372-00-7 | ||
| 082 | _a340.54 / K112r / 1963 | ||
| 100 |
_aKabir, Dr. L. _94167 |
||
| 245 |
_aRoman Law _cDr. L. Kabir |
||
| 250 | _a1st | ||
| 260 |
_aDacca _bLaw House _cc1963 |
||
| 300 |
_a[xv] , 246p . : _b22cm. |
||
| 650 |
_aLaw _94168 |
||
| 650 |
_aLaw _94168 |
||
| 700 |
_aDr. L. Kabir _94169 |
||
| 856 |
_k0 _l0 _yDownload |
||
| 942 |
_2ddc _cBK |
||
| 999 |
_c1547 _d1547 |
||